| 000 | 00887cam a2200229 4500 | ||
|---|---|---|---|
| 001 | WB3912-15 | ||
| 008 | 030325n2003 000 0 eng u | ||
| 035 | _a(Sirsi) u121730 | ||
| 245 | _aLeases halve in length from 1999 | ||
| 260 | _c2003 | ||
| 490 |
_aNelson Bakewell Press Release _v 20 March 2003 (1) |
||
| 520 | _aLease lengths on commercial property have almost halved in the last four years, falling from 12.8 years in 1999 to just 7.7 years by the end of 2002, according to research by Nelson Bakewell and the Investment Property Databank. http://www.nelson-bakewell.co.uk/media/default.htm | ||
| 590 | _aWB | ||
| 650 | _aLEASE LENGTH | ||
| 650 | _aOCCUPIERS | ||
| 650 | _aOCCUPIERS PROPERTY DATABANK | ||
| 650 | _aNELSON BAKEWELL | ||
| 650 | _aPROPERTY-COMMERCIAL PROPERTY | ||
| 650 | _aPROPERTY FORECASTS | ||
| 690 | _aPROPERTY-LANDLORD AND TENANT | ||
| 942 | _n0 | ||
| 999 |
_c72345 _d72345 |
||